|
|
|
|
| LEADER |
00000naa2a2200000 4500 |
| 001 |
180940 |
| 005 |
20240206143537.0 |
| 035 |
|
|
|a (RuTPU)RU\TPU\book\196148
|
| 090 |
|
|
|a 180940
|
| 100 |
|
|
|a 20100529d2009 k y0rusy50 ca
|
| 101 |
0 |
|
|a rus
|
| 102 |
|
|
|a RU
|
| 200 |
1 |
|
|a Неоднородность петромагнитных свойств золоторудного месторождения "Чёртово корыто" (Патомское нагорье)
|f С. В. Соколов
|g науч. рук. Ю. В. Колмаков
|
| 320 |
|
|
|a Библиогр.: 2 назв.
|
| 463 |
|
0 |
|0 (RuTPU)RU\TPU\book\186895
|y 978-5-98298-569-9
|t Проблемы геологии и освоения недр
|o труды XIII Международного симпозиума имени академика М. А. Усова студентов и молодых ученых, посвященного 110-летию со дня рождения К. В. Радугина
|f Томский политехнический университет (ТПУ), Институт геологии и нефтегазового дела (ИГНД)
|v С. 320-322
|d 2009
|p 993 с.
|
| 610 |
1 |
|
|a золоторудные месторождения
|
| 610 |
1 |
|
|a петрофизические параметры
|
| 610 |
1 |
|
|a магнитные свойства
|
| 610 |
1 |
|
|a неоднородность
|
| 610 |
1 |
|
|a Чёртово Корыто
|
| 610 |
1 |
|
|a разрезы
|
| 610 |
1 |
|
|a изодинамы
|
| 610 |
1 |
|
|a магнитное поле
|
| 610 |
1 |
|
|a труды учёных ТПУ
|
| 700 |
|
1 |
|a Соколов
|b С. В.
|c геофизик
|c ассистент Томского политехнического университета
|f 1986-
|g Степан Витальевич
|3 (RuTPU)RU\TPU\pers\28128
|9 13086
|
| 702 |
|
1 |
|a Колмаков
|b Ю. В.
|4 727
|
| 801 |
|
1 |
|a RU
|b 63413507
|c 20100529
|
| 801 |
|
2 |
|a RU
|b 63413507
|c 20170301
|g RCR
|
| 942 |
|
|
|c BK
|